000 01541nam a2200289Ia 4500
999 _c53967
_d53967
001 21018
003 GE_BSU
005 20210706165854.0
008 181216s||||||||xx |||||||||||||| ||und||
020 _a9789992892534
040 _cGE_BSU
041 _ageo
080 _a070+316.77 ლ-93
100 _aლუმანი, ნიკლას
_912204
245 _aსაზოგადოებრივი კომუნიკაციის სისტემის ცვლილებანი და მასობრივი მედია /
_cნიკლას ლუმანი ; გერმ. თარგმნა დევი დუმბაძემ.
250 _a1-ლი გამოცემა
264 _aთბილისი :
_bარხე,
_c2007.
300 _a37 გვ. ;
_c17 სმ.
490 _aსამეცნიერო სერია ფილოსოფია-სოციოლოგიის კლასიკური და თანამედროვე ტექსტები-თარგმანები
_vტ. 1
541 _h2ლ.
653 _aკომუნიკაცია
653 _aმასმედია
653 _aჟურნალისტიკა
700 _aდუმბაძე, დევი
_eგერმანული თარგმნა
_9966
700 _aირემაძე, თენგიზ
_eსერიის დამფუძნებელი და მთ. რედაქტორი
_92229
942 _cBK
_2udc